000 00653nam a2200241 a 4500
001 0001-0947
003 ELIB.Books
008 140909 2010 eng
020 _aKBTS
035 _a(ELIB.Books)0001-1101
092 _aThesis
_bLaw
100 _aLaw La Htwe, Saw
245 _aMobilization of Pastors for Effective Ministry in the Contemporary
260 _aKBTS; Insein
_bKaren Baptist Theological Seminary
_c2014
300 _c29.7 Cm
500 _aLaw La Htwe, Saw
650 _aThesis
856 _nKBTS; Library
_uKBTS; Elib.
942 _2ddc
_cBK
990 _a1
998 _cbat
_e2014-09-09
999 _c10947
_d10947